000
00249nam a22000857a 4500
008
161129b xxu||||| |||| 00| 0 eng d
100
_9
1534
_a
ParkashB
245
_a
Glasstube Experiment On Formal Level Topic In Chemistry
260
_a
New Delhi
_b
NCERT
_c
2000
999
_c
4264
_d
4264